The Private rented sector (Record no. 115344)

MARC details
000 -LEADER
fixed length control field 01231cad a22002295a 4500
001 - CONTROL NUMBER
control field L158494
008 - FIXED-LENGTH DATA ELEMENTS--GENERAL INFORMATION
fixed length control field 111221s2013 xxk f 000 0 eng d
020 ## - INTERNATIONAL STANDARD BOOK NUMBER
International Standard Book Number 9780101873024
035 ## - SYSTEM CONTROL NUMBER
System control number (Sirsi) u158494
041 0# - LANGUAGE CODE
Language code of text/sound track or separate title eng
110 2# - MAIN ENTRY--CORPORATE NAME
Corporate name or jurisdiction name as entry element United Kingdom
Subordinate unit Department for Communities and Local Government
9 (RLIN) 4939
245 04 - TITLE STATEMENT
Title The Private rented sector
Medium [electronic resource]
260 ## - PUBLICATION, DISTRIBUTION, ETC.
Place of publication, distribution, etc. London
Name of publisher, distributor, etc. Department for Communities and Local Government
Date of publication, distribution, etc. 2013
490 #0 - SERIES STATEMENT
Series statement Improving the rented housing sector
520 ## - SUMMARY, ETC.
Summary, etc. Government response to the Communities and Local Government Select Committee Report: The Private Rented Sector. The Communities and Local Government Select Committee conducted an inquiry into the private rented sector. Following the submission of written evidence and a number of evidence sessions, the Committee published its report on 18 July 2013.
590 ## - LOCAL NOTE (RLIN)
Local note KA NTK
651 #4 - SUBJECT ADDED ENTRY--GEOGRAPHIC NAME
Geographic name LONDON
690 ## - LOCAL SUBJECT ADDED ENTRY--TOPICAL TERM (OCLC, RLIN)
Topical term or geographic name as entry element Residential property
9 (RLIN) 6266
710 1# - ADDED ENTRY--CORPORATE NAME
Corporate name or jurisdiction name as entry element Homes and Communities Agency
9 (RLIN) 5688
856 40 - ELECTRONIC LOCATION AND ACCESS
Uniform Resource Identifier <a href="https://www.gov.uk/government/publications/the-private-rented-sector-government-response-to-the-communities-and-local-government-select-committee-report">https://www.gov.uk/government/publications/the-private-rented-sector-government-response-to-the-communities-and-local-government-select-committee-report</a>
Public note View the item free of charge at www.gov.uk
942 ## - ADDED ENTRY ELEMENTS (KOHA)
Suppress in OPAC 0
Holdings
Withdrawn status Lost status Source of classification or shelving scheme Damaged status Not for loan Home library Current library Shelving location Date acquired Total Checkouts Full call number Barcode Date last seen Copy number Price effective from Koha item type
    Dewey Decimal Classification     Virtual Virtual Online 18/03/2015   ONLINE PUBLICATION 158494-2001 06/08/2019 1 06/08/2019 Book